| 000 | 00514nam a2200193 i 4500 | ||
|---|---|---|---|
| 001 | 128638 | ||
| 003 | ES-MaACL | ||
| 005 | 20230906193331.0 | ||
| 007 | t| | ||
| 008 | 070521s1973 sp ||||1| spa d | ||
| 020 | _a84-320-5278-7 | ||
| 080 | _a860-311.2"19" | ||
| 100 | 1 |
_aTargioni Lodone, Eduarda. _9109288 |
|
| 245 | 1 | 0 |
_a$(dólar) _b: novela / _cEduarda Targioni. |
| 250 | _a[1 ed.]. | ||
| 260 |
_aBarcelona : _bPlaneta, _c[1973] |
||
| 300 |
_a327 p. ; _c19 cm. |
||
| 852 |
_aES-MaACL _jC-55796 _bR.88534 |
||
| 999 |
_c128638 _d128638 |
||